| 000 | 01050nam0a22002291 4500 | ||
|---|---|---|---|
| 001 | rc\1165735 | ||
| 005 | 20260406165644.0 | ||
| 035 | _a(NLR Aleph) 006409495 | ||
| 090 |
_a5330733 _c5330733 |
||
| 100 | _a20041129d1980 |||y0rusy50 ca | ||
| 101 | 0 | _arus | |
| 102 | _aRU | ||
| 105 | _ay ||||||||| | ||
| 200 | 1 |
_aТбилисская городская система управления качеством _eРекомендации. Взаимодействие науч.-конструкт. орг. и пром. предприятий по повышению качества продукции _eТГС УК 00.07-80 _fГос. ком. СССР по стандартам, ВНИИ автоматизации средств метрологии |
|
| 210 |
_aТбилиси _cБ. и. _d1980 |
||
| 215 |
_a[5] с. _d20 |
||
| 712 | 0 | 2 |
_aВНИИ автоматизации средств метрологии _9368808 _3RU\NLR\AUTH\889937013 |
| 801 | 0 |
_aRU _bNLR _gpsbo |
|
| 801 | 1 |
_aRU _bELAR _2rusmarc |
|
| 852 |
_aNLR _j82-4/5623 |
||
| 942 | _cBOOK | ||
| 980 | _aNB | ||